| 000 | 00869nam a2200205 a 4500 | ||
|---|---|---|---|
| 008 | 120619s2002 ||||||||||||||||| || u | ||
| 020 | _a9241545534 | ||
| 050 | _aRA 771 How (BOX 110) | ||
| 100 | _aHoward, Guy | ||
| 245 | 1 | 0 |
_aHealthy villages: a guide for communities and community health workers _cby Guy Howard; [and others] |
| 260 |
_aGeneva: _bWHO _c2002 |
||
| 300 | _ax, 108p.: ill. | ||
| 500 | _aBlue Trunk Library Collection (WHO). Bibliography | ||
| 650 | _aRURAL HEALTH SERVICES--HANDBOOKS | ||
| 650 | _aCOMMUNITY HEALTH SERVICES--HANDBOOKS | ||
| 650 | _aCOMMUNITY HEALTH AIDES--HANDBOOKS, MANUALS, ETC | ||
| 700 | _aBogh, Claus | ||
| 700 | _aGoldstein, Greg | ||
| 995 |
_aMEDICAL LIBRARY OPEN ACCESS _e743052 _FCBU-SCHOOL OF MEDICINE LIBRARY (Ndola) _jBTL RA 771 How (BOX 110) _M1 _UAVAILABLE _WJun 22, 2012 _y743052 _ZMedical Library Open Access Collection |
||
| 999 |
_c31672 _d31672 |
||